00625 2200229 4500001002100000005001700021008004100038035002400079082001300103090002000116100002100136245007800157250001100235260003000246300002500276650003400301850001500335980001100350985000600361986001300367999001500380YOGYA-0209000001268620090227022241.0 ind  0010-020900000012686 a001.6424 a001.6424bWij K aWIJAYA, Herman W aKreasi grafik &naskah melalui news mastercdisusun oleh Herman W. Widjaja aCet. 4 aJakartabDinastindoc1994 a106 hlmbilusc21 cm aNews master (Prgram komputer) aYOPDYOG(B) a090605 a1 afwhrtrev a95P0070170